| 000 | 00731nam a2200241 a 4500 | ||
|---|---|---|---|
| 001 | 000009758 | ||
| 005 | 20240412074213.0 | ||
| 008 | 091001s2004 dr r 000 p spa d | ||
| 020 | _z9993432033 | ||
| 040 |
_aDO-SdBNP _bspa _cBNPHU |
||
| 082 |
_aRD861.44 _bB663a, 2004 |
||
| 100 | 1 |
_aBobadilla, José, _d1955- _911356 |
|
| 245 | 1 | 0 |
_aAbalorios : _b(preludios) / _cJosé Bobadilla. |
| 250 | _a2a ed. | ||
| 260 |
_aSanto Domingo : _bImagen Escrita ; _bLetra Gráfica, _c2004. |
||
| 300 |
_a138 p. ; _c22 cm. |
||
| 490 | 1 |
_aObras _v7 |
|
| 590 | _aInventariado, 2018/LP | ||
| 650 | 0 |
_aPoesía dominicana _966 |
|
| 650 | 0 |
_aLiteratura dominicana. _967 |
|
| 830 | 0 |
_aObras ; _n7 _924666 |
|
| 910 | _aValidado. Control de calidad. MMOLINA | ||
| 999 |
_c9518 _d9518 |
||